Implemented crisis management measurements by selected entrepreneurs

Príspevok je orientovaný na krízový manažment v podniku (s výrobou nábytku). Ukazuje prístup manažérov k rozpoznaniu krízy, jej dopadu a tiež vhodné kroky a stratégie pre vytvorenie podmienok na ochranu a prevenciu.

Saved in:
Bibliographic Details
Main Author: Kello, Martin
Format: Book Chapter
Language:English
Subjects:
Tags: Add Tag
No Tags, Be the first to tag this record!

MARC

LEADER 00000nla$a2200000$$$4500
001 0226516
005 20240502073727.8
041 0 |a eng 
044 |a SK 
245 1 0 |a Implemented crisis management measurements by selected entrepreneurs  |c Martin Kello 
520 |a Príspevok je orientovaný na krízový manažment v podniku (s výrobou nábytku). Ukazuje prístup manažérov k rozpoznaniu krízy, jej dopadu a tiež vhodné kroky a stratégie pre vytvorenie podmienok na ochranu a prevenciu. 
610 2 0 |a podnik 
610 2 0 |a výroba nábytku 
610 2 0 |a manažment krízový 
100 1 |a Kello, Martin